00606nam a22001811 450000100060000000300090000600500170001500700030003200800410003501600180007604000200009410000270011424501190014126000650026030000260032550000490035185200240040073320ES-MaACL20230906171747.0t|040929s1927 sp ||||0| spa d7 zIND9200359034 aM-BN bspa cA21 aGil Conca, J. Antonio.10aDesinfección y procedimientos higienicos terapeuticos de los granos y sus derivados en los graneros y almacenes. aMadrid : bMinisterio de Fomento, c[1927? (fJulio Cosano]) a1 h., 30 p ; c22 cm. aDirección General de Agricultura y Montes. aES-MaACLj1728-F-14